Vivo extramuros ; (Record no. 181949)

MARC details
000 -LEADER
campo de control de longitud fija 00767nam a2200241 i 4500
001 - NÚMERO DE CONTROL
campo de control 181949
003 - IDENTIFICADOR DE NÚMERO DE CONTROL
campo de control ES-MaACL
005 - FECHA Y HORA DE LA ÚLTIMA TRANSACCIÓN
campo de control 20250904043127.0
008 - DATOS DE LONGITUD FIJA--INFORMACIÓN GENERAL
campo de control de longitud fija 130509s2012 sp | |||||||| | spa d
020 ## - NÚMERO INTERNACIONAL ESTÁNDAR DEL LIBRO
Número Internacional Estándar del Libro 978-84-938075-1-1
080 ## - NÚMERO DE LA CLASIFICACIÓN DECIMAL UNIVERSAL
Número de la Clasificación Decimal Universal 821.134.2-14"19"
100 1# - ENTRADA PRINCIPAL--NOMBRE DE PERSONA
Nombre de persona Díaz Gil, Javier.
9 (RLIN) 152754
245 10 - MENCIÓN DEL TÍTULO
Título Vivo extramuros ;
Resto del título y El ángel prometido /
Mención de responsabilidad, etc. Javier Díaz Gil.
250 ## - MENCION DE EDICION
Mención de edición 2ª ed.
260 ## - PUBLICACIÓN, DISTRIBUCIÓN, ETC.
Lugar de publicación, distribución, etc. Madrid :
Nombre del editor, distribuidor, etc. Poeta de Cabra (2),
Fecha de publicación, distribución, etc. 2012.
300 ## - DESCRIPCIÓN FÍSICA
Extensión 59 p. ;
Dimensiones 16 cm.
490 1# - MENCIÓN DE SERIE
Mención de serie Libretos Poeta de Cabra ;
Designación de volumen o secuencia n. 6
740 32 - ENTRADA AGREGADA--TÍTULO RELACIONADO/ANALÍTICO NO CONTROLADO
Título relacionado o analítico no controlado El ángel prometido.
830 00 - PUNTO DE ACCESO ADICIONAL DE SERIE-TÍTULO UNIFORME
Título uniforme Libretos Poeta de Cabra
Designación de volumen o secuencia n. 6
9 (RLIN) 188096
852 ## - LOCALIZACIÓN
Ubicación ES-MaACL
Número de control de estantería A-12654
itemnumber 188858
Sublocalización o colección R.148802
Ubicación en estantería Depósito 1
Signatura antigua Olim: N-5655
942 ## - ELEMENTOS DE ENTRADA SECUNDARIOS (KOHA)
Fuente del sistema de clasificación o colocación Clasificación decimal universal
Tipo de ítem Koha Libro impreso
Holdings
Estatus retirado Estado de pérdida Fuente del sistema de clasificación o colocación Estado de daño No para préstamo Biblioteca de origen Biblioteca actual Ubicación en estantería Fecha de adquisición Fuente de adquisición Total de préstamos Signatura topográfica completa Código de barras Visto por última vez Precio de reemplazo Tipo de ítem Koha
    Clasificación decimal universal     Biblioteca del Ateneo de Madrid Biblioteca del Ateneo de Madrid Depósito 1 09/05/2013 Donación   A-12654 1191209 23/02/2023 23/02/2023 Libro impreso